Подробности
| 000 -МАРКЕР |
| контрольное поле |
05579ncm0a22004571 4500 |
| 001 - ИДЕНТИФИКАТОР ЗАПИСИ |
| контрольное поле |
RU\NLR\ONIZ\213934 |
| 005 - ИДЕНТИФИКАТОР ВЕРСИИ |
| контрольное поле |
20260406161428.0 |
| 035 ## - ДРУГИЕ СИСТЕМНЫЕ НОМЕРА |
| Идентификатор записи |
RU\NLR\ONIZ\SOPHY\5000002149\20160406172544 |
| 035 ## - ДРУГИЕ СИСТЕМНЫЕ НОМЕРА |
| Идентификатор записи |
(NLR Aleph) 011200291 |
| 100 ## - ДАННЫЕ ОБЩЕЙ ОБРАБОТКИ |
| Данные общей обработки |
20160406d2011 |||y0rusy50 ca |
| 101 0# - ЯЗЫК РЕСУРСА |
| Язык текста, звукозаписи и т.д. |
немецкий |
| -- |
русский |
| 102 ## - СТРАНА ПУБЛИКАЦИИ ИЛИ ПРОИЗВОДСТВА |
| Страна публикации |
Российская Федерация |
| 125 ## - ПОЛЕ КОДИРОВАННЫХ ДАННЫХ: ЗВУКОЗАПИСИ И НОТНЫЕ ИЗДАНИЯ |
| Форма изложения нотного текста |
ax |
| 145 0# - ПОЛЕ КОДИРОВАННЫХ ДАННЫХ: СРЕДСТВО ИСПОЛНЕНИЯ МУЗЫКАЛЬНОГО ПРОИЗВЕДЕНИЯ (УСТАРЕВШЕЕ) |
| Тип средства исполнения |
c |
| 200 1# - ЗАГЛАВИЕ И СВЕДЕНИЯ ОБ ОТВЕТСТВЕННОСТИ |
| Основное заглавие |
Христос с тобой! |
| Общее обозначение материала |
Ноты |
| Сведения, относящиеся к заглавию |
вок. музыка рус. композиторов для голоса с инструм. сопровожд. на стихи Его Императорского Высочества, Великого князя Константина Константиновича (к 95-й годовщине со дня кончины поэта) |
| Первые сведения об ответственности |
сост. А. Б. Павлов-Арбенин |
| 210 ## - ПУБЛИКАЦИЯ, РАСПРОСТРАНЕНИЕ И ДР. |
| Место издания, распространения и т.д. |
Санкт-Петербург |
| Имя издателя, распространителя и т. д. |
[Б. и.] |
| Дата издания, распространения и т.д. |
2011 |
| 215 ## - ФИЗИЧЕСКАЯ ХАРАКТЕРИСТИКА |
| Специфическое обозначение материала и объем |
26, [2] с. |
| Размеры |
30 см |
| 300 ## - ОБЩИЕ ПРИМЕЧАНИЯ |
| Текст примечания |
На тит. л.: Посвящается 150-летию Санкт-Петербургской Государственной консерватории им. Н. А. Римского-Корсакова |
| 313 ## - ПРИМЕЧАНИЯ, ОТНОСЯЩИЕСЯ К ТЕМАТИЧЕСКОМУ ДОСТУПУ |
| Текст примечания |
Систематизация документа проведена по изданию - Методика классифицирования музыкальных произведений (нотных изданий) по таблицам Библиотечно-библиографических классификаций : метод. рекомендации / Гос. б-ка СССР им. В.И. Ленина.- М., 1977. Индексу ББК методических рекомендаций присваивается код ББК для научных библиотек - LBC/SL |
| 327 1# - ПРИМЕЧАНИЯ О СОДЕРЖАНИИ |
| Текст примечания |
1. Христос с тобой! : романс : для голоса, скрипки, виолончели и фп. : ор. 127 / муз. Ал. де Миньяр. |
| -- |
2. Молитва : для сопрано и 4 виолончелей / Г. Белов. |
| -- |
3. Колыбельная песенка : для голоса, виолончели, арфы и фп. : ор. 128 / муз. Ал. де Миньяр. |
| -- |
4. О, нет, за красоту = O nein, nur weil ich schön : для тенора, меццо-сопрано, виолончели и фп. : ор. 2 № 2 / муз. Ю. Энгеля ; deutsch von Lina Esbeer |
| 464 #0 - АНАЛИТИЧЕСКИЙ УРОВЕНЬ |
| Встроенное поле |
2001#$aХристос с тобой!$eроманс$eдля голоса, скрипки, виолончели и фп.$eор. 127$fмуз. Ал. де Миньяр |
| -- |
215##$aС.4-7 |
| -- |
686##$aЩ943.4-21(2Р)$vLBC/SL$2rubbk |
| -- |
700#1$9z01790$aМиньяр$bА. К.$gАлександр Константинович$f1852–$4230 |
| -- |
790#1$9z01700$aMin'yar$bA. K.$gAleksandr Konstantinovich$f1852–$4230 |
| Заглавие |
Христос с тобой! |
| Автор |
Миньяр, Александр Константинович (1852–) |
| 464 #0 - АНАЛИТИЧЕСКИЙ УРОВЕНЬ |
| Встроенное поле |
2001#$aМолитва$eдля сопрано и 4 виолончелей$fГ. Белов |
| -- |
215##$aС.8-11 |
| -- |
686##$aЩ943.1-256(2Р)$vLBC/SL$2rubbk |
| -- |
700#1$9z01790$aБелов$bГ. Г.$gГеннадий Григорьевич$f1939-$4230 |
| -- |
790#1$9z01700$aBelov$bG. G.$gGennady Grigorievich$f1939-$4230 |
| Заглавие |
Молитва |
| Автор |
Белов, Геннадий Григорьевич (1939-) |
| 464 #0 - АНАЛИТИЧЕСКИЙ УРОВЕНЬ |
| Встроенное поле |
2001#$aКолыбельная песенка$eдля голоса, виолончели, арфы и фп.$eор. 128$fмуз. Ал. де Миньяр |
| -- |
215##$aС.12-20 |
| -- |
686##$aЩ943.4-21-043.33(2Р)$vLBC/SL$2rubbk |
| -- |
700#1$9z01790$aМиньяр$bА. К.$gАлександр Константинович$f1852–$4230 |
| -- |
790#1$9z01700$aMin'yar$bA. K.$gAleksandr Konstantinovich$f1852–$4230 |
| Заглавие |
Колыбельная песенка |
| Автор |
Миньяр, Александр Константинович (1852–) |
| 464 #0 - АНАЛИТИЧЕСКИЙ УРОВЕНЬ |
| Встроенное поле |
2001#$aО, нет, за красоту$dO nein, nur weil ich schön$eдля тенора, меццо-сопрано, виолончели и фп.$eор. 2 № 2$zger$fмуз. Ю. Энгеля$gdeutsch von Lina Esbeer |
| -- |
215##$aС.21-26 |
| -- |
686##$aЩ942.19-21-043.3(2Р)$vLBC/SL$2rubbk |
| -- |
700#1$9z01790$aЭнгель$bЮ. Д.$gЮлий Дмитриевич$f1868-1927$4230 |
| -- |
702#1$9z02790$aЭсбер$bЛ.$gЛина$4730 |
| -- |
790#1$9z01700$aEngel'$bYu. D.$gYulij Dmitrievich$f1868-1927$4230 |
| -- |
790#1$9z02702$aEsbeer$bL.$gLina$4730 |
| Заглавие |
О, нет, за красоту |
| Автор |
Энгель, Юлий Дмитриевич (1868-1927) |
| 601 02 - НАИМЕНОВАНИЕ ОРГАНИЗАЦИИ КАК ПРЕДМЕТ |
| Начальный элемент ввода |
Санкт-Петербургская государственная консерватория им. Н.А.Римского-Корсакова |
| Код системы |
nlr_sh1 |
| 602 ## - РОДОВОЕ ИМЯ КАК ПРЕДМЕТ |
| Начальный элемент ввода |
Романовы (царская династия) |
| Даты |
1613-1917 |
| Тематический подзаголовок |
Ноты |
| Географический подзаголовок |
Россия |
| Код системы |
nlr_sh |
| 606 1# - НАИМЕНОВАНИЕ ТЕМЫ КАК ПРЕДМЕТ |
| Наименование темы |
Произведения для голоса с инструментальным ансамблем |
| Код системы |
nlr_sh |
| 686 ## - ИНДЕКСЫ ДРУГИХ КЛАССИФИКАЦИЙ |
| Индекс |
Щ943.0-21(2Р)я491 |
| Издание |
LBC/SL |
| Код системы |
|
| 702 #0 - ИМЯ ЛИЦА - ВТОРИЧНАЯ ОТВЕТСТВЕННОСТЬ |
| Код отношения |
Объект посвящения |
| -- |
Лирик |
| Материалы, к которым относится поле |
rus |
| Графика поля |
Кириллица |
| Начальный элемент ввода |
Константин Константинович |
| Дополнения к именам, кроме дат |
великий князь |
| Даты |
1858-1915 |
| Идентификатор авторитетной/нормативной записи |
RU\NLR\AUTH\778811 |
| Системный номер авторитетной/нормативной записи |
118695 |
| 702 #1 - ИМЯ ЛИЦА - ВТОРИЧНАЯ ОТВЕТСТВЕННОСТЬ |
| Код отношения |
Составитель |
| Материалы, к которым относится поле |
rus |
| Графика поля |
Кириллица |
| Начальный элемент ввода |
Павлов-Арбенин |
| Часть имени, кроме начального элемента ввода |
А. Б. |
| Расширение инициалов личного имени |
Андрей Борисович |
| Идентификатор авторитетной/нормативной записи |
RU\NLR\AUTH\7710795 |
| Системный номер авторитетной/нормативной записи |
120560 |
| 790 #0 - ИМЯ ЛИЦА - АЛЬТЕРНАТИВНАЯ ФОРМА |
| Код отношения |
Объект посвящения |
| -- |
Лирик |
| Графика поля |
Латинская |
| Материалы, к которым относится поле |
rus |
| Начальный элемент ввода |
Konstantin Konstantinovič |
| Дополнения к именам, кроме дат |
великий князь |
| Даты |
1858-1915 |
| Системный номер авторитетной/нормативной записи |
259956 |
| Идентификатор авторитетной/нормативной записи |
RU\NLR\AUTH\770260012 |
| 790 #1 - ИМЯ ЛИЦА - АЛЬТЕРНАТИВНАЯ ФОРМА |
| Системный номер авторитетной/нормативной записи |
z04702 |
| Начальный элемент ввода |
Pavlov-Arbenin |
| Часть имени, кроме начального элемента ввода |
A. B. |
| Расширение инициалов личного имени |
Andrey Borisovich |
| Код отношения |
Составитель |
| 801 #0 - ИСТОЧНИК ЗАПИСИ |
| Страна |
Российская Федерация |
| Организация |
NLR |
| Дата составления |
20160406 |
| Правила каталогизации |
PSBO |
| 801 #1 - ИСТОЧНИК ЗАПИСИ |
| Страна |
Российская Федерация |
| Организация |
NLR |
| Дата составления |
20160406 |
| Источник данных |
rusmarc |
| 801 #2 - ИСТОЧНИК ЗАПИСИ |
| Страна |
Российская Федерация |
| Организация |
NLR |
| Дата составления |
20160429 |
| 852 ## - МЕСТОНАХОЖДЕНИЕ И ШИФР ХРАНЕНИЯ |
| Идентификатор организации |
NLR |
| Наименование фонда или коллекции (Sub-Location Identifier) |
М |
| Шифр хранения (Call Number) |
986/612 |
| Страна |
|
| Номер экземпляра |
1 |
| 942 ## - ДОПОЛНИТЕЛЬНЫЕ ЭЛЕМЕНТЫ ЗАПИСИ (АБИС) |
| Тип экземпляра АБИС |
Ноты |
| 980 ## - КОЛЛЕКЦИЯ |
| Название коллекции |
Национальная библиография |
| 980 ## - КОЛЛЕКЦИЯ |
| Название коллекции |
Отдел нот и звукозаписей |